Ч. 3: Реализация; Свой - чужой

מידע ביבליוגרפי
Parent link:Свой - чужой: роман/ А. Д. Константинов, Е. Вышенков; Олма Медиа Групп. Ч. 3: Реализация.— , 2005-
סיכום:Волею судьбы сотрудники уголовного розыска Валерий Штукин и Егор Якушев становятся не просто чужими друг другу — они становятся врагами. И это несмотря на те, что у них есть много общих знакомых и друзей, да и их взгляды на жизнь не так сильно расходятся. Но так уж вышло: одного руководство уголовного розыска внедряет в структуру бывшего криминального авторитета Юнгерова, а другого, наоборот, мафия направляет служить в милицию. А еще непреодолимым препятствием между двумя офицерами становится смерть сотрудницы прокуратуры, с которой каждого из них связывали не только служебные отношения... Развязка такой конфликтной ситуации не может не быть трагичной...
שפה:רוסית
יצא לאור: 2005
נושאים:
פורמט: ספר
KOHA link:https://koha.lib.tpu.ru/cgi-bin/koha/opac-detail.pl?biblionumber=92427

MARC

LEADER 00000nam2a2200000 4500
001 92427
005 20231031104647.0
010 |a 5765444164  |b (в пер.)  |b 50000 экз. 
021 |a RU  |b 05-15770  |9 05-805 
035 |a (RuTPU)RU\TPU\book\99030 
035 |a RU\TPU\book\99028 
090 |a 92427 
100 |a 20060314d2005 m y0rusy5002 ca 
101 0 |a rus 
102 |a RU 
105 |a y z 000ay 
200 0 |a Ч. 3: Реализация 
210 |d 2005 
215 |a 376 с. 
330 |a Волею судьбы сотрудники уголовного розыска Валерий Штукин и Егор Якушев становятся не просто чужими друг другу — они становятся врагами. И это несмотря на те, что у них есть много общих знакомых и друзей, да и их взгляды на жизнь не так сильно расходятся. Но так уж вышло: одного руководство уголовного розыска внедряет в структуру бывшего криминального авторитета Юнгерова, а другого, наоборот, мафия направляет служить в милицию. А еще непреодолимым препятствием между двумя офицерами становится смерть сотрудницы прокуратуры, с которой каждого из них связывали не только служебные отношения... Развязка такой конфликтной ситуации не может не быть трагичной... 
461 1 |0 (RuTPU)RU\TPU\book\99943  |t Свой - чужой  |o роман  |o в 3 ч.  |f А. Д. Константинов, Е. Вышенков  |g Олма Медиа Групп  |v Ч. 3: Реализация  |d 2005- 
610 1 |a русская литература 
610 1 |a романы 
610 1 |a детективы 
610 1 |a боевики 
675 |a Р2  |v 3  |z rus 
801 0 |a RU  |b 63413507  |c 20050421  |g PSBO 
801 1 |a RU  |b 63413507  |c 20060314  |g PSBO 
801 2 |a RU  |b 63413507  |c 20060330  |g PSBO 
942 |c BK